000 00427nam a22001697a 4500
005 20180615102858.0
008 160511b xxu||||| |||| 00| 0 eng d
020 _a81-203-1371-2
041 _aeng
082 _b1287
_a657.42
100 _aWilliamsom, duncan
_94363
245 _aCost & Management Accounting
260 _aNew Delhi
_bPrentice hall of India,
_c1996
300 _a769
650 _aManagement
_9241
942 _cBK
999 _c555
_d555